| 000 -ლიდერი |
| ფიქსირებული სიგრძის საკონტროლო ველი |
01331nam a2200265Ia 4500 |
| 001 - საკონტროლო ნომერი |
| საკონტროლო ველი |
23276 |
| 003 - საკონტროლო ნომრის იდენტიფიკატორი |
| საკონტროლო ველი |
GE_BSU |
| 005 - ბოლო ოპერაციის თარიღი და დრო |
| საკონტროლო ველი |
20251114144319.0 |
| 008 - ფიქსირებული სიგრძის მონაცემთა ელემენტები - ზოგადი ინფორმაცია |
| ფიქსირებული სიგრძის საკონტროლო ველი |
181216s1979||||ge |||||||||||||| ||geo|| |
| 040 ## - კატალოგიზაციის წყარო |
| Transcribing agency |
GE_BSU |
| 041 ## - ენის კოდი |
| Language code of text/sound track or separate title |
geo |
| 080 ## - უნივერსალური ათობითი კლასიფიკაციის ინდექსი |
| Universal Decimal Classification number |
821.112.2-32 მ-26 |
| 100 ## - მთავარი ჩანაწერი - პიროვნების სახელი |
| Personal name |
მანი, თომას |
| 9 (RLIN) |
26232 |
| 245 ## - ცნობა სათაურის შესახებ |
| Title |
ტანსაცმლის კარადა : |
| Remainder of title |
ნოველა / |
| Statement of responsibility, etc |
თომას მანი ; თარგმანი გერმ., შესავ. წერილი და კომენტარები კ. ჯორჯანელისა ; რედ. გ. მოისწრაფიშვილი ; მხატვ. თ. დიასამიძე. |
| 264 ## - წარმოების, გამოცემის, დისტრიბუციის და სხვა ცნობები |
| გამოცემის, წარმოების, დისტრიბუციის... ადგილი |
ბათუმი : |
| გამოცემის, წარმოების, დისტრიბუციის... სახელწოდება |
საბჭ. აჭარა, |
| გამოცემის, წარმოების, დისტრიბუციის... თარიღი |
1979. |
| 300 ## - ფიზიკური აღწერა |
| Extent |
192 გვ. ; |
| Dimensions |
20 სმ. |
| 500 ## - ზოგადი შენიშვნა |
| General note |
პარალელური სათაური გერმანულ ენაზე |
| 520 ## - SUMMARY, ETC. |
| Summary, etc |
პარალ. სათ. გერმ. ენ. |
| 653 ## - INDEX TERM--UNCONTROLLED |
| Uncontrolled term |
ნოველა |
| 653 ## - INDEX TERM--UNCONTROLLED |
| Uncontrolled term |
ტანსაცმლის კარადა |
| 700 ## - ADDED ENTRY--PERSONAL NAME |
| Personal name |
მოისწრაფიშვილი, გ. |
| Relator term |
რედაქტორი |
| 9 (RLIN) |
4489 |
| 700 ## - ADDED ENTRY--PERSONAL NAME |
| Personal name |
დიასამიძე, თ. |
| Relator term |
მხატვარი |
| 9 (RLIN) |
19453 |
| 942 ## - ADDED ENTRY ELEMENTS (KOHA) |
| Koha item type |
წიგნი |
| Source of classification or shelving scheme |
|